Kendrick Lamar and Drake Diss Tracks - Statistics

General Stats
  • This quiz has been taken 2,430 times
    1,208 since last reset
  • The average score is 10 of 17
Answer Stats
Artist Release Date Answer % Correct
Kendrick Lamar May 4 2024 Not Like Us
93%
Metro Boomin & Future ft. Kendrick Lamar March 26 2024 Like That
90%
Kendrick Lamar May 3 2024 Meet the Grahams
86%
Kendrick Lamar April 30 2024 euphoria
85%
Drake May 3 2024 Family Matters
85%
Drake April 19 2024 Push Ups
79%
Drake ft. J.Cole October 31 2023 First Person Shooter
76%
Kendrick Lamar May 3 2024 6:16 in LA
63%
Drake May 5 2024 The Heart Part 6
62%
Metro Boomin May 5 2024 BBL Drizzy
58%
J.Cole April 5 2024 7 Minute Drill
55%
Drake April 19 2024 Taylor Made Freestyle
52%
Big Sean ft. Kendrick Lamar August 14 2013 Control
41%
Kanye West April 21 2024 Like That Remix
41%
Kendrick Lamar March 24 2015 King Kunta
19%
Rick Ross April 15 2024 Champagne Moments
18%
Drake October 29 2013 The Language
7%
No matching quizzes found
Score Distribution
Percent of People with Each Score
Percentile by Number Answered
Your Score History
You have not taken this quiz since the last reset